[Event "Open"]
[Site "Cappelle la Grande FRA"]
[Date "2003.02.22"]
[Round "1"]
[White "Malakhatko,V"]
[Black "Meszaros,Mi"]
[Result "1-0"]
[WhiteElo "2512"]
[BlackElo "2309"]
[EventDate "2003.02.22"]

1. d4 Nf6 2. Nf3 g6 3. Bg5 Bg7 4. Nbd2 O-O 5. c3 d6 6. e4 h6 7. Bh4 Qe8 8.
Bd3 e5 9. O-O Nh5 10. Re1 Nd7 11. a4 Nf4 12. Bf1 Nf6 13. a5 g5 14. Bg3 Bg4
15. h3 Bh5 16. Qb3 Rb8 17. Bxf4 gxf4 18. Nh4 Kh7 19. Be2 Bg6 20. dxe5 dxe5
21. Qc4 Qe7 22. Nxg6 fxg6 23. Nb3 Ne8 24. Nc5 Nd6 25. Qe6 Rfe8 26. Qxe7
Rxe7 27. Red1 Rf8 28. f3 Bf6 29. Rd5 Rd8 30. Rad1 Ree8 31. a6 b6 32. Nb7
Re6 33. Nxd8 Bxd8 34. c4 Be7 35. c5 Nc8 36. Rd7 Rc6 37. Rxe7+ Nxe7 38. Rd7
1-0

[Event "Open"]
[Site "Cappelle la Grande FRA"]
[Date "2003.02.22"]
[Round "1"]
[White "Van Doeland,J"]
[Black "Apicella,M"]
[Result "0-1"]
[WhiteElo "2293"]
[BlackElo "2501"]
[EventDate "2003.02.22"]

1. c4 Nf6 2. Nc3 g6 3. e4 d6 4. d4 Bg7 5. Nf3 O-O 6. h3 Na6 7. Bg5 h6 8.
Be3 e5 9. d5 Nc5 10. Nd2 a5 11. a3 Nfd7 12. g4 a4 13. Rg1 Kh7 14. Qf3 c6
15. O-O-O Qa5 16. Na2 cxd5 17. cxd5 Nb3+ 18. Nxb3 axb3 19. Nb4 Nc5 20. Kb1
Bd7 21. Nd3 Na4 22. Bd2 Qa7 23. Be3 Nc3+ 24. Kc1 Qa4 25. bxc3 Qxa3+ 26. Kd2
Qa2+ 27. Ke1 b2 28. Nxb2 Qxb2 29. Bd2 Ra1 30. Rxa1 Qxa1+ 31. Qd1 Ra8 32.
Be2 Qb2 33. Bc1 Qxc3+ 34. Qd2 Qxh3 35. Qb2 Ra4 36. f3 Bf6 37. Be3 Rxe4 38.
Bf2 Qxf3 39. Kf1 Qh3+ 40. Rg2 Bxg4 0-1

[Event "Open"]
[Site "Cappelle la Grande FRA"]
[Date "2003.02.22"]
[Round "1"]
[White "Marcelin,C"]
[Black "Kiseleva,N"]
[Result "0-1"]
[WhiteElo "2503"]
[BlackElo "2294"]
[EventDate "2003.02.22"]

1. e4 e6 2. d4 d5 3. Nd2 c5 4. exd5 Qxd5 5. Ngf3 cxd4 6. Bc4 Qd6 7. O-O Nf6
8. Nb3 Nc6 9. Nbxd4 Nxd4 10. Nxd4 a6 11. c3 Qc7 12. Bb3 Bd6 13. h3 Bd7 14.
Qf3 O-O-O 15. Bg5 Qc5 16. Bh4 Bc7 17. Bc2 Rdf8 18. Bxf6 gxf6 19. Be4 Qb6
20. Qxf6 Bd8 21. Qf4 f5 22. Bf3 Bc7 23. Qe3 Rhg8 24. Rfd1 e5 25. Nb3 e4 26.
Be2 Qxe3 27. fxe3 Rg3 28. Nc5 Rfg8 29. Bf1 Bb5 30. Rd2 Rxe3 31. Bxb5 axb5
32. a4 Bb6 33. b4 Rxc3 34. axb5 Kb8 35. Kh2 Rg6 0-1

[Event "Open"]
[Site "Cappelle la Grande FRA"]
[Date "2003.02.22"]
[Round "1"]
[White "Hauchard,A"]
[Black "Czarnota,P"]
[Result "0-1"]
[WhiteElo "2512"]
[BlackElo "2314"]
[EventDate "2003.02.22"]

1. d4 Nf6 2. c4 g6 3. Nc3 Bg7 4. e4 d6 5. f3 O-O 6. Be3 a6 7. Qd2 Nbd7 8.
Nh3 c5 9. Nf2 Qa5 10. dxc5 dxc5 11. Be2 e6 12. O-O Ne8 13. Bh6 Ne5 14. Ng4
Nxg4 15. fxg4 Bd4+ 16. Kh1 Ng7 17. Qf4 f6 18. g5 f5 19. exf5 gxf5 20. Rad1
Qd8 21. Qh4 Bd7 22. Bf3 Qc7 23. Ne2 Be5 24. Ng3 Be8 25. Rfe1 Bg6 26. Nh5
Nxh5 27. Bxf8 Ng3+ 28. hxg3 Rxf8 29. Kh2 Re8 30. Re2 Bg7 31. Qf4 e5 32.
Bd5+ Kh8 33. Qf2 e4 34. Rde1 Be5 35. Re3 Qe7 36. Kg1 Qxg5 37. Rb3 Bd4 38.
Ree3 b5 39. Qf4 Qh5 40. g4 fxg4 41. Kf1 Qh1+ 42. Ke2 Qxg2+ 43. Kd1 Be5 44.
Qg5 g3 45. Re2 Qg1+ 46. Re1 Qd4+ 47. Qd2 bxc4 48. Qxd4 cxd4 49. Bxc4 d3 50.
Rb7 Bh5+ 51. Kd2 Bf4+ 0-1

[Event "Open"]
[Site "Cappelle la Grande FRA"]
[Date "2003.02.22"]
[Round "1"]
[White "Delaunay,S"]
[Black "Guliev,S"]
[Result "1-0"]
[WhiteElo "2315"]
[BlackElo "2513"]
[EventDate "2003.02.22"]

1. Nf3 f5 2. c4 Nf6 3. g3 g6 4. Bg2 Bg7 5. O-O O-O 6. Nc3 d6 7. d4 c6 8. b3
Na6 9. Bb2 Bd7 10. Rc1 Qe8 11. d5 c5 12. Qc2 h6 13. Rfe1 g5 14. e4 Nb4 15.
Qb1 fxe4 16. Nxe4 Nxe4 17. Bxg7 Kxg7 18. Rxe4 Bf5 19. Qa1+ Kg8 20. Re2 Qf7
21. Ne1 Qf6 22. a3 Na6 23. Qxf6 exf6 24. Rc3 Rfe8 25. Rce3 Rxe3 26. Rxe3
Kf7 27. Be4 Bd7 28. Bd3 Nc7 29. Nc2 f5 30. Rf3 f4 31. gxf4 g4 32. Rg3 h5
33. Ne3 b5 34. Bf5 Be8 35. h3 gxh3 36. Bxh3 bxc4 37. bxc4 Ba4 38. Nf5 Ne8
39. Rg5 Bd1 40. Ne3 Bf3 41. Be6+ Kf6 42. Rf5+ Kg6 43. Bf7+ Kh6 44. Bxe8
Rxe8 45. Rf6+ Kg7 46. Rxd6 Rf8 47. f5 Kf7 48. Kh2 Rg8 49. Ra6 Be2 50. a4
Bd3 51. a5 Be2 52. Rxa7+ Kf6 53. Ra6+ Ke5 54. Rg6 Ra8 55. a6 Kd4 56. d6 Ra7
57. f6 Rf7 58. a7 Bf3 59. Rg8 Rxa7 60. Rg7 Ra8 61. f7 Rf8 62. d7 1-0

[Event "Open"]
[Site "Cappelle la Grande FRA"]
[Date "2003.02.22"]
[Round "1"]
[White "Stock,M"]
[Black "Pushkov,N"]
[Result "0-1"]
[WhiteElo "2326"]
[BlackElo "2532"]
[EventDate "2003.02.22"]

1. c4 e6 2. Nc3 d5 3. d4 Nf6 4. Bg5 Nbd7 5. e3 Bb4 6. cxd5 exd5 7. Bd3 c5
8. Nge2 c4 9. Bf5 Nb6 10. Bc2 h6 11. Bf4 O-O 12. O-O Nh5 13. Be5 f6 14. Bf4
f5 15. Be5 Be6 16. Ng3 Nxg3 17. Bxg3 a6 18. Qf3 Qd7 19. Be5 Rad8 20. Qg3
Bd6 21. Rad1 Nc8 22. Ne2 Na7 23. Nf4 Bxe5 24. dxe5 Qf7 25. Ng6 Rfe8 26. Nh4
Nc6 27. Nf3 Bc8 28. Rfe1 Qe6 29. Qh3 Nxe5 30. Nd4 Qf6 31. Bxf5 Nd3 32. Re2
Rf8 33. Be6+ Kh8 34. f3 Nc5 35. Bxc8 Rxc8 36. Qh5 Rcd8 37. Qg4 Rd6 38. Qg3
Nd3 39. Nf5 Rd7 40. Nd4 Re7 41. Qh3 Rfe8 42. Nf5 Nf4 43. exf4 Rxe2 44. Rxd5
Qxb2 0-1

[Event "Open"]
[Site "Cappelle la Grande FRA"]
[Date "2003.02.22"]
[Round "1"]
[White "Calotescu,C"]
[Black "Schlosser,P"]
[Result "0-1"]
[WhiteElo "2334"]
[BlackElo "2534"]
[EventDate "2003.02.22"]

1. Nf3 Nf6 2. c4 c5 3. g3 d5 4. Bg2 Nc6 5. O-O e6 6. cxd5 Nxd5 7. d4 Be7 8.
dxc5 Bxc5 9. Qc2 Bb6 10. Nc3 Qe7 11. Nxd5 exd5 12. b3 O-O 13. Bb2 Bg4 14.
e3 Rad8 15. Rfe1 Rfe8 16. h3 Bh5 17. Bc3 Qe4 18. Nd4 Nxd4 19. Qxe4 dxe4 20.
exd4 f5 21. Rac1 Kf7 22. g4 Bg6 23. gxf5 Bxf5 24. Red1 Kg6 25. Bb2 e3 26.
fxe3 Rxe3 27. Kf2 Re7 28. Rd2 Be4 29. Bxe4+ Rxe4 30. Rg1+ Kf7 31. Rg4 Re6
32. Re2 Rf6+ 33. Kg2 Rd5 34. Ree4 Rdf5 35. Re2 h5 36. Rg3 Bc7 37. d5 Bxg3
38. Bxf6 Kxf6 39. Kxg3 Rxd5 40. Rc2 Rd3+ 41. Kg2 Ke6 42. Kh2 g5 43. Rc7 Rd7
44. Rc2 Kf5 45. Kg2 b6 46. Kh2 Ke4 47. Rg2 Rd5 48. Kg3 Ke3 49. Rg1 Rd2 50.
a4 Rd3 51. Kh2 Kf4 52. b4 Rd2+ 53. Kh1 Ra2 54. a5 bxa5 55. bxa5 Rxa5 56.
Rb1 Kg3 57. Rb3+ Kh4 58. Kh2 Ra2+ 59. Kg1 a5 60. Rc3 a4 61. Rd3 Rb2 62. Ra3
Rb3 0-1

[Event "Open"]
[Site "Cappelle la Grande FRA"]
[Date "2003.02.22"]
[Round "1"]
[White "Sanchez,Joseph"]
[Black "Shneider,A"]
[Result "0-1"]
[WhiteElo "2307"]
[BlackElo "2511"]
[EventDate "2003.02.22"]

1. e4 c5 2. Nc3 d6 3. f4 Nc6 4. Nf3 g6 5. Bc4 Bg7 6. O-O e6 7. d3 Nge7 8.
Qe1 h6 9. Bb3 a6 10. a4 Rb8 11. Kh1 b5 12. axb5 axb5 13. Qf2 Na5 14. e5
Nxb3 15. cxb3 dxe5 16. fxe5 O-O 17. Ne4 Qxd3 18. Nxc5 Qd8 19. Be3 Nf5 20.
Rad1 Qb6 21. b4 Ra8 22. Bc1 Ra1 23. g4 Ne7 24. Rd6 Qa7 0-1

[Event "Open"]
[Site "Cappelle la Grande FRA"]
[Date "2003.02.23"]
[Round "2"]
[White "Vysochin,S"]
[Black "Sergeev,V"]
[Result "1-0"]
[WhiteElo "2554"]
[BlackElo "2308"]
[EventDate "2003.02.22"]

1. e4 c6 2. d4 d5 3. exd5 cxd5 4. c4 Nf6 5. Nc3 e6 6. Nf3 Bb4 7. cxd5 Nxd5
8. Bd2 Nc6 9. Bd3 Nf6 10. O-O O-O 11. a3 Be7 12. Be3 b6 13. Qe2 Bb7 14.
Rad1 Rc8 15. Ne5 Nd5 16. Be4 Na5 17. Bd2 Nb3 18. Qd3 f5 19. Bf3 Nxd2 20.
Rxd2 Bg5 21. Bxd5 Bxd5 22. Re2 Bf6 23. Rfe1 Bxe5 24. Rxe5 Bc4 25. Qd1 Kh8
26. h3 Rc7 27. d5 exd5 28. b3 Ba6 29. Nxd5 Rd7 30. Qh5 Rdf7 31. Nf4 Qd6 32.
Re6 Qxa3 33. Ng6+ Kg8 34. Nxf8 Rxf8 35. Re8 Bb5 36. Rxf8+ Qxf8 37. Qf3 Be8
38. Qa8 Bf7 39. Qxa7 Bxb3 40. Qxb6 Bf7 41. Rd1 Be8 42. Qe6+ Qf7 43. Qe5 h6
44. Rd8 Kf8 45. Rd5 Kg8 46. Qxf5 Qxf5 47. Rxf5 Bd7 48. Ra5 Be6 49. f4 Kf7
50. Kf2 Bc4 51. g4 Kf6 52. Rf5+ Ke6 53. Rc5 Bd3 54. f5+ Kf6 55. Rc6+ Kf7
56. Ke3 Bf1 57. h4 Bh3 58. Kf4 Bg2 59. Rc7+ Kg8 60. g5 hxg5+ 61. hxg5 Bd5
62. Ke5 Bb3 63. g6 Kh8 64. f6 gxf6+ 65. Kxf6 Bg8 66. Rf7 Bxf7 67. gxf7 Kh7
68. f8=R 1-0

[Event "Open"]
[Site "Cappelle la Grande FRA"]
[Date "2003.02.23"]
[Round "2"]
[White "Nalbandian,T"]
[Black "Atalik,S"]
[Result "1/2-1/2"]
[WhiteElo "2465"]
[BlackElo "2581"]
[EventDate "2003.02.22"]

1. d4 Nf6 2. Nf3 d5 3. Bf4 c5 4. e3 Nc6 5. c3 Qb6 6. Qb3 c4 7. Qc2 Bf5 8.
Qc1 e6 9. Nbd2 Be7 10. Nh4 Be4 11. Nhf3 Bg6 12. h3 Ne4 13. Nxe4 Bxe4 14.
Nd2 Bg6 15. Be2 O-O 16. h4 h6 17. g4 Qd8 18. g5 hxg5 19. hxg5 Bxg5 20. Bxg5
Qxg5 21. Nf3 Qf6 22. Kd2 Rfd8 23. Qg1 Kf8 24. Qg3 Ke7 25. Rag1 Qf5 26. Rc1
Qf6 27. Rcg1 Qf5 28. Rc1 Qf6 1/2-1/2

[Event "Open"]
[Site "Cappelle la Grande FRA"]
[Date "2003.02.23"]
[Round "2"]
[White "Areshchenko,A"]
[Black "Sandipan,C"]
[Result "0-1"]
[WhiteElo "2566"]
[BlackElo "2464"]
[EventDate "2003.02.22"]

1. e4 e5 2. Nf3 Nc6 3. d4 exd4 4. Nxd4 Bc5 5. Nb3 Be7 6. Nc3 Nf6 7. Qe2 d6
8. Bf4 O-O 9. O-O-O Be6 10. Nc5 Nd7 11. Nxb7 Qb8 12. Qb5 Nde5 13. Bxe5 Nxe5
14. Na5 Bg5+ 15. Kb1 Qd8 16. Nc6 Nxc6 17. Qxc6 Qf6 18. Bc4 Qxf2 19. Nd5
Rab8 20. Bb3 Bg4 21. Rdf1 Qd4 22. h4 Bd8 23. Rf4 Be6 24. Rhf1 Qc5 25. Qxc5
dxc5 26. Ne3 Bf6 27. Bxe6 fxe6 28. Nc4 Bxh4 29. b3 Be7 30. e5 h5 31. Na5 g5
32. R4f2 Rxf2 33. Rxf2 Rf8 34. Rd2 g4 35. Re2 Bg5 36. Nc6 h4 37. Nxa7 g3
38. Nc6 h3 39. gxh3 Rf2 40. Re1 0-1

[Event "Open"]
[Site "Cappelle la Grande FRA"]
[Date "2003.02.23"]
[Round "2"]
[White "Shirazi,K"]
[Black "Aseev,K"]
[Result "0-1"]
[WhiteElo "2438"]
[BlackElo "2556"]
[EventDate "2003.02.22"]

1. d4 Nf6 2. c4 e6 3. Nc3 Bb4 4. e3 c5 5. Nge2 cxd4 6. exd4 d5 7. a3 Be7 8.
Nf4 Nc6 9. cxd5 Nxd5 10. Ncxd5 exd5 11. Be3 Bg5 12. b4 O-O 13. b5 Qa5+ 14.
Qd2 Qxd2+ 15. Kxd2 Nxd4 16. Rd1 Be6 17. Nxe6 Bxe3+ 18. Kxe3 Nf5+ 19. Kf4
fxe6 20. Ke5 Nh4 21. g3 Nf3+ 22. Kxe6 Rf6+ 23. Kxd5 Rd8+ 24. Kc5 Nd2 25.
Bg2 b6+ 26. Kb4 Rxf2 27. Bc6 Rd3 28. Rhe1 Rb3+ 29. Ka4 Rd3 30. Kb4 Kf7 31.
Rc1 Rb3+ 32. Ka4 Rd3 33. Kb4 Rb3+ 34. Ka4 Rd3 35. Kb4 Rb3+ 36. Ka4 Rd3 37.
Be8+ Kf8 38. Kb4 Rb3+ 39. Ka4 Rff3 0-1

[Event "Open"]
[Site "Cappelle la Grande FRA"]
[Date "2003.02.23"]
[Round "2"]
[White "Jedynak,R"]
[Black "Rausis,I"]
[Result "1/2-1/2"]
[WhiteElo "2432"]
[BlackElo "2537"]
[EventDate "2003.02.22"]

1. d4 e6 2. c4 b6 3. e4 Bb7 4. Bd3 f5 5. exf5 Bxg2 6. Qh5+ g6 7. fxg6 Bg7
8. gxh7+ Kf8 9. hxg8=Q+ Kxg8 10. Qg4 Bxh1 11. Bg5 Qf8 12. h4 Nc6 13. h5
Nxd4 14. h6 Nf5 15. hxg7 Qxg7 16. f3 Rh2 17. Bf4 Rg2 18. Qxg7+ Rxg7 19. Kf1
Rf8 20. Nd2 d6 21. Re1 e5 22. Bxf5 Rxf5 23. Be3 Bg2+ 24. Kf2 Rh5 25. Ne4
Kf7 26. Ng5+ Rhxg5 27. Bxg5 Rxg5 28. Re4 Bh1 29. Rh4 Rg2+ 30. Kf1 Rxb2 31.
Rxh1 Kg6 32. Ne2 Rxa2 33. Kf2 Rc2 34. Rh4 a5 35. Ke3 a4 36. Kd3 Rb2 37. Nc3
a3 38. Rh8 Rf2 39. Ke3 Rc2 40. Kd3 Rf2 41. Ke3 Rc2 42. Nb1 e4 43. Kxe4
1/2-1/2

[Event "Open"]
[Site "Cappelle la Grande FRA"]
[Date "2003.02.23"]
[Round "2"]
[White "Skytte,R"]
[Black "Malakhatko,V"]
[Result "1/2-1/2"]
[WhiteElo "2402"]
[BlackElo "2512"]
[EventDate "2003.02.22"]

1. e4 c6 2. c4 d5 3. cxd5 cxd5 4. exd5 Nf6 5. Nc3 Nxd5 6. Nf3 Nc6 7. Bc4 e6
8. O-O Be7 9. d4 Nxc3 10. bxc3 O-O 11. Re1 b6 12. Bd3 Bb7 13. h4 Bxh4 14.
Nxh4 Qxh4 15. Re3 g6 16. Rg3 Qf6 17. Qg4 e5 18. Bg5 Qg7 19. Qh4 f5 20. Bc4+
Kh8 21. Bh6 Qf6 22. Bg5 Qg7 23. Bh6 Qf6 24. Bg5 1/2-1/2

[Event "Open"]
[Site "Cappelle la Grande FRA"]
[Date "2003.02.23"]
[Round "2"]
[White "Kuzmin,G"]
[Black "Delaunay,S"]
[Result "1/2-1/2"]
[WhiteElo "2495"]
[BlackElo "2315"]
[EventDate "2003.02.22"]

1. e4 c6 2. d4 d5 3. Nc3 dxe4 4. Nxe4 Bf5 5. Ng3 Bg6 6. Nf3 Nd7 7. Bd3 e6
8. O-O Ngf6 9. Re1 Be7 10. Bxg6 hxg6 11. c4 O-O 12. Bg5 c5 13. Re2 cxd4 14.
Qxd4 Qc7 15. Qh4 Rfe8 16. Ne4 Nxe4 17. Bxe7 Ndf6 18. Ba3 g5 19. Nxg5 Nxg5
20. Qxg5 Qxc4 21. Re3 Rad8 22. Rae1 Rd5 23. Qg3 b6 24. R3e2 Qd3 25. Re3 Qd4
26. R3e2 1/2-1/2

[Event "Open"]
[Site "Cappelle la Grande FRA"]
[Date "2003.02.23"]
[Round "2"]
[White "Danielian,E"]
[Black "Lalic,B"]
[Result "1/2-1/2"]
[WhiteElo "2384"]
[BlackElo "2547"]
[EventDate "2003.02.22"]

1. Nf3 c5 2. e3 Nf6 3. d4 e6 4. c4 a6 5. Nc3 d5 6. cxd5 exd5 7. Be2 Nc6 8.
O-O cxd4 9. exd4 Ne4 10. Nxe4 dxe4 11. Ng5 Be7 12. Nxe4 Qxd4 13. Qxd4 Nxd4
14. Bd3 O-O 15. Be3 Rd8 16. Rad1 Bf5 1/2-1/2

[Event "Open"]
[Site "Cappelle la Grande FRA"]
[Date "2003.02.23"]
[Round "2"]
[White "Husari,Sa"]
[Black "Iljushin,A"]
[Result "1/2-1/2"]
[WhiteElo "2335"]
[BlackElo "2537"]
[EventDate "2003.02.22"]

1. d4 e6 2. c4 f5 3. g3 Nf6 4. Bg2 c6 5. Nd2 d5 6. Nh3 Bd6 7. O-O O-O 8.
Qc2 Nbd7 9. Nf3 Ne4 10. Bf4 Be7 11. Ne5 g5 12. Nxd7 Bxd7 13. Be5 Be8 14. e3
Nd6 15. Bxd6 Qxd6 16. f4 g4 17. c5 Qc7 18. Nf2 h5 19. Nd3 h4 20. Rfc1 Bf6
21. Ne5 Qh7 22. b4 Kg7 23. a4 Rh8 24. Kf2 a6 25. Qc3 Rc8 26. Qd2 Rc7 27.
Qc3 Kg8 28. Rab1 Qh6 29. Qd3 Bxe5 30. dxe5 Qf8 31. Qd4 Rh6 32. Bh1 Rhh7 33.
Rb2 Qe7 34. a5 1/2-1/2

[Event "Open"]
[Site "Cappelle la Grande FRA"]
[Date "2003.02.23"]
[Round "2"]
[White "Rozentalis,E"]
[Black "Prasad,D"]
[Result "1-0"]
[WhiteElo "2585"]
[BlackElo "2400"]
[EventDate "2003.02.22"]

1. e4 c6 2. d4 d5 3. Nc3 dxe4 4. Nxe4 Bf5 5. Ng3 Bg6 6. N1e2 e6 7. Nf4 Bd6
8. h4 Bxf4 9. Bxf4 h6 10. h5 Bh7 11. c3 Nf6 12. Bd3 Bxd3 13. Qxd3 O-O 14.
O-O-O a5 15. Kb1 a4 16. f3 Qa5 17. Ne4 Nbd7 18. g4 Nxe4 19. fxe4 e5 20. Bc1
exd4 21. cxd4 c5 22. g5 a3 23. b3 hxg5 24. h6 g6 25. h7+ Kh8 26. dxc5 Ne5
27. Qd6 f6 28. Bxg5 Ng4 29. Bd2 Qa6 30. Qxa6 Rxa6 31. Rh4 Ne5 32. Bb4 Re8
33. Rd6 Rxd6 34. cxd6 g5 35. Rh1 Nd7 36. Rc1 Rxe4 37. Bxa3 Re8 38. Rc7 Rd8
39. Rxb7 Kxh7 40. Bb4 g4 41. Ba5 1-0

[Event "Open"]
[Site "Cappelle la Grande FRA"]
[Date "2003.02.23"]
[Round "2"]
[White "Kveinys,A"]
[Black "Frois,A"]
[Result "1/2-1/2"]
[WhiteElo "2541"]
[BlackElo "2360"]
[EventDate "2003.02.22"]

1. d4 d5 2. c4 e6 3. Nf3 c5 4. cxd5 exd5 5. g3 Nc6 6. Bg2 Nf6 7. O-O Be7 8.
dxc5 Bxc5 9. Nbd2 Bb6 10. Nb3 O-O 11. Qd3 Re8 12. Bd2 Ne4 13. e3 Bf5 14.
Nh4 Ne5 15. Qc2 Rc8 16. Bc3 Bg4 17. Nd4 Qd7 18. Rac1 Ba5 19. Nhf3 Nxf3+ 20.
Nxf3 Nxc3 21. bxc3 Bxc3 22. Qe2 1/2-1/2

[Event "Open"]
[Site "Cappelle la Grande FRA"]
[Date "2003.02.23"]
[Round "2"]
[White "Schlosser,P"]
[Black "Skembris,S"]
[Result "1-0"]
[WhiteElo "2534"]
[BlackElo "2426"]
[EventDate "2003.02.22"]

1. d4 d5 2. c4 c6 3. Nf3 Nf6 4. e3 e6 5. Bd3 Nbd7 6. O-O Bd6 7. Nc3 O-O 8.
e4 dxc4 9. Bxc4 e5 10. Bg5 h6 11. Bh4 exd4 12. Qxd4 Bc5 13. Qd3 Nb6 14. e5
Qxd3 15. Bxd3 Nfd5 16. Ne4 Be7 17. Bxe7 Nxe7 18. Nd6 Rb8 19. Nd4 Be6 20. f4
Bd5 21. b3 Rfd8 22. Rad1 Nbc8 23. N4f5 Kf8 24. Bc4 Nxd6 25. Nxd6 Rd7 26. f5
Rbd8 27. f6 gxf6 28. Rxf6 Bxc4 29. bxc4 Ng6 30. c5 Nxe5 31. Rxh6 Ng6 32.
Rf1 Rxd6 33. cxd6 Rxd6 34. h3 c5 35. Rh5 b6 36. Rhf5 Rd7 37. g3 Kg7 38. h4
Re7 39. Kf2 Ne5 40. Rg5+ Kf8 41. h5 Nd7 42. h6 f6 43. Rg6 c4 44. g4 Rh7 45.
g5 Rf7 46. gxf6 b5 47. Rg7 Ne5 1-0

[Event "Open"]
[Site "Cappelle la Grande FRA"]
[Date "2003.02.23"]
[Round "2"]
[White "Yandemirov,V"]
[Black "Bianchi,Guilla"]
[Result "1-0"]
[WhiteElo "2469"]
[BlackElo "2202"]
[EventDate "2003.02.22"]

1. e4 e5 2. Nf3 Nc6 3. Bb5 a6 4. Bxc6 dxc6 5. Nc3 f6 6. d4 exd4 7. Nxd4 c5
8. Nde2 Qxd1+ 9. Nxd1 Be6 10. Bf4 O-O-O 11. Ne3 Ne7 12. Rd1 Rxd1+ 13. Kxd1
Ng6 14. Bg3 h5 15. h4 Ne5 16. Kc1 Bd6 17. Rd1 Re8 18. Nf4 Bf7 19. Nfd5 b5
20. b3 Kb7 21. c4 Bg6 22. Nf5 Bxf5 23. exf5 bxc4 24. Nf4 cxb3 25. axb3 c4
26. bxc4 Nxc4 27. Nxh5 Bxg3 28. fxg3 Re7 29. g4 Nd6 30. Rf1 Kc6 31. g5 fxg5
32. hxg5 Rf7 33. g4 Ne4 34. g6 Rd7 35. Re1 Ng5 36. f6 gxf6 37. g7 Rd8 38.
Nxf6 Nf3 39. Re6+ 1-0

[Event "Open"]
[Site "Cappelle la Grande FRA"]
[Date "2003.02.23"]
[Round "2"]
[White "Zontakh,A"]
[Black "Romanov,O"]
[Result "1-0"]
[WhiteElo "2508"]
[BlackElo "2407"]
[EventDate "2003.02.22"]

1. e4 e5 2. Nf3 Nc6 3. Bb5 a6 4. Ba4 Nf6 5. O-O Be7 6. Re1 b5 7. Bb3 d6 8.
c3 O-O 9. h3 Na5 10. Bc2 c5 11. d4 Qc7 12. Nbd2 Rd8 13. Nf1 cxd4 14. cxd4
exd4 15. b3 d5 16. e5 Ne4 17. Nxd4 Qxe5 18. Bb2 Bh4 19. Qe2 Bb7 20. Bxe4
dxe4 21. Nc6 Nxc6 22. Bxe5 Nxe5 23. Ng3 Nd3 24. Red1 Bxg3 25. fxg3 Rac8 26.
Qe3 h5 27. Rd2 Rc3 28. Rf1 Rd6 29. Qa7 Rd7 30. Re2 b4 31. Kh2 Nc1 32. Rxe4
Bc6 33. Qb8+ Kh7 34. Qe5 Bxe4 35. Qxe4+ g6 36. Qe8 Rdc7 37. Rxf7+ Rxf7 38.
Qxf7+ Kh6 39. Qf8+ Kh7 40. Qxb4 Nxa2 41. Qe7+ Kh6 42. Qe2 1-0

[Event "Open"]
[Site "Cappelle la Grande FRA"]
[Date "2003.02.23"]
[Round "2"]
[White "Belov,Vl"]
[Black "Bagheri,A"]
[Result "1/2-1/2"]
[WhiteElo "2540"]
[BlackElo "2431"]
[EventDate "2003.02.22"]

1. e4 c6 2. d4 d5 3. Nd2 dxe4 4. Nxe4 Nd7 5. Ng5 Ngf6 6. Bd3 e6 7. N1f3 Bd6
8. Qe2 h6 9. Ne4 Nxe4 10. Qxe4 Qc7 11. O-O b6 12. b3 Bb7 13. Bb2 c5 14. Qe2
O-O 15. h3 Bxf3 16. Qxf3 cxd4 17. Bxd4 Be5 18. Qe4 g6 19. Rfd1 Rfd8 20.
Bxe5 Qxe5 21. Qxe5 Nxe5 22. Be4 Rac8 23. c4 Kf8 24. f4 Nd7 25. Kf2 Ke7 26.
Ke3 g5 27. g3 a5 28. Bb7 Rb8 29. Bf3 Nc5 30. Be2 f5 31. Bf3 Na6 32. Rxd8
Rxd8 33. Rd1 Rg8 34. a3 Rb8 35. Bc6 Nc5 36. b4 Rc8 37. Bf3 Nd7 38. c5 axb4
39. axb4 bxc5 40. b5 Nb6 41. h4 gxh4 42. gxh4 e5 43. Bc6 1/2-1/2

[Event "Open"]
[Site "Cappelle la Grande FRA"]
[Date "2003.02.23"]
[Round "2"]
[White "Fernando,D"]
[Black "Jakubiec,A"]
[Result "1/2-1/2"]
[WhiteElo "2423"]
[BlackElo "2532"]
[EventDate "2003.02.22"]

1. e4 c6 2. d4 d5 3. e5 c5 4. dxc5 Nc6 5. Bf4 e6 6. Nf3 Bxc5 7. Bd3 f6 8.
O-O fxe5 9. Bxe5 Nf6 10. Nbd2 Nxe5 11. Nxe5 O-O 12. Qe2 Bd7 13. Nxd7 Qxd7
14. Nf3 a6 15. Ne5 Qc7 16. Rae1 Rae8 17. c3 g6 18. Bc2 Bd6 19. g3 Qb6 20.
Bb3 Re7 21. Kg2 Kg7 22. f3 Qc7 23. Bc2 b5 24. f4 Rb8 25. a3 a5 26. Bd3 Qb7
27. Nf3 b4 28. axb4 axb4 29. c4 b3 30. Rc1 Bc5 31. h3 Ra8 32. Kh2 Qb6 33.
Rce1 Ra2 34. Bb1 Ra4 35. Ng5 Kg8 36. Bd3 Bd4 37. f5 Bxb2 38. fxg6 hxg6 39.
Bxg6 Bc3 40. Qf3 Ra2+ 41. Kh1 Qd4 42. Rd1 Rd2 43. Rc1 Bb2 44. Rce1 dxc4 45.
Ne4 Kg7 46. Nxd2 Qxd2 47. Bf5 Qd6 48. Bb1 Bd4 49. g4 Qd5 50. Be4 Qg5 51.
Bf5 c3 52. Rxe6 Rxe6 53. Bxe6 c2 54. Qb7+ Kh6 55. Qb4 Qf4 56. Qf8+ Kg5 57.
h4+ Kxh4 58. Qh8+ Kg5 59. Qg7+ Kh4 1/2-1/2

[Event "Open"]
[Site "Cappelle la Grande FRA"]
[Date "2003.02.23"]
[Round "2"]
[White "Shneider,A"]
[Black "Balcerak,J"]
[Result "1-0"]
[WhiteElo "2511"]
[BlackElo "2411"]
[EventDate "2003.02.22"]

1. d4 d5 2. c4 c6 3. Nc3 Nf6 4. e3 a6 5. Nf3 b5 6. b3 Bg4 7. Be2 e6 8. O-O
Nbd7 9. h3 Bh5 10. Bb2 Bd6 11. Ne5 Bxe2 12. Nxe2 Qc7 13. cxd5 cxd5 14. Rc1
Qb8 15. Nxd7 Kxd7 16. f3 Qb7 17. Qd3 Ke7 18. Nc3 b4 19. Na4 Qb5 20. Qd2
Rac8 21. Rce1 Bg3 22. Rc1 Bd6 23. Nc5 Nh5 24. Rfe1 Bg3 25. Red1 a5 26. a3
Nf6 27. axb4 axb4 28. Ra1 Ra8 29. Nd3 Bd6 30. Re1 Rxa1 31. Rxa1 Rb8 32. Re1
Qb7 33. Qe2 Bg3 34. Nc5 Qb5 35. Qxb5 Rxb5 36. Ra1 Bb8 37. Bc1 Nd7 38. Nd3
Rb7 39. Bd2 Bd6 40. Kf1 f5 41. Ra4 Nb6 42. Ra6 Nd7 43. Ra4 Nb6 44. Ra1 Nd7
45. g4 g6 46. gxf5 gxf5 47. Be1 Nb8 48. Ra8 Kd7 49. f4 Kc6 50. Ra4 Kc7 51.
Bxb4 Bxb4 52. Rxb4 Rxb4 53. Nxb4 Nc6 54. Nxc6 Kxc6 55. Ke2 h5 56. h4 Kb5
57. Kd3 Kb6 58. Kc2 Ka5 59. Kb2 Kb4 1-0

[Event "Open"]
[Site "Cappelle la Grande FRA"]
[Date "2003.02.23"]
[Round "2"]
[White "Brodsky,M"]
[Black "Colovic,A"]
[Result "1-0"]
[WhiteElo "2550"]
[BlackElo "2385"]
[EventDate "2003.02.22"]

1. e4 c5 2. Nf3 d6 3. d4 cxd4 4. Nxd4 Nf6 5. f3 e6 6. c4 Be7 7. Nc3 O-O 8.
Be3 b6 9. Be2 Bb7 10. O-O a6 11. Qd2 Nbd7 12. Rfd1 Qc7 13. Rac1 Rac8 14.
Kh1 Qb8 15. Bg1 Rfe8 16. Be3 Bd8 17. Kg1 Be7 18. Rc2 Nf8 19. b4 d5 20. exd5
exd5 21. Nxd5 Nxd5 22. cxd5 Nd7 23. Rxc8 Rxc8 24. Qe1 Re8 25. Qc3 Bxd5 26.
Bxa6 Qa8 27. Bb5 Rc8 28. Qd3 Nf6 29. Nf5 Bc6 30. Bxb6 Rb8 31. Ba5 Nh5 32.
Qd4 g5 33. Bc7 Bf6 34. Be5 Bxe5 35. Qxe5 Rd8 36. Rxd8+ Qxd8 37. Bxc6 1-0

[Event "Open"]
[Site "Cappelle la Grande FRA"]
[Date "2003.02.23"]
[Round "2"]
[White "Colin,V"]
[Black "Hernandez,Gi"]
[Result "1/2-1/2"]
[WhiteElo "2344"]
[BlackElo "2542"]
[EventDate "2003.02.22"]

1. d4 Nf6 2. c4 c5 3. d5 g6 4. Nc3 Bg7 5. e4 d6 6. f4 O-O 7. Nf3 e6 8. Be2
exd5 9. cxd5 Bg4 10. O-O Nbd7 11. Re1 Re8 12. h3 Bxf3 13. Bxf3 Qa5 14. Be3
b5 15. a3 Rab8 16. Bf2 h6 17. Re2 Nh7 18. Qe1 Qc7 19. e5 dxe5 20. Rd1 Qd8
21. d6 exf4 22. Nd5 Ne5 23. Ne7+ Rxe7 24. dxe7 Qxe7 25. Rd5 Re8 26. Rdxe5
Bxe5 27. Bc6 f6 28. Bxe8 Qxe8 29. Bxc5 f3 30. gxf3 Ng5 31. Qd1 Qc6 32. Qd8+
Kh7 33. Qe7+ Kh8 34. Qf8+ 1/2-1/2

[Event "Open"]
[Site "Cappelle la Grande FRA"]
[Date "2003.02.23"]
[Round "2"]
[White "Potapov,A1"]
[Black "Kernazhitsky,L"]
[Result "1-0"]
[WhiteElo "2500"]
[BlackElo "2374"]
[EventDate "2003.02.22"]

1. d4 d6 2. c4 e5 3. Nf3 exd4 4. Nxd4 g6 5. Nc3 Bg7 6. g3 Ne7 7. Bg2 Nbc6
8. Nxc6 bxc6 9. O-O O-O 10. Bg5 Rb8 11. Qc2 f6 12. Be3 c5 13. Rad1 Bd7 14.
Qd2 Be6 15. b3 a6 16. f4 Qc8 17. Rfe1 Kh8 18. Bf2 f5 19. e4 fxe4 20. Rxe4
Nf5 21. Rde1 Bd7 22. Nd5 Bc6 23. g4 Bxd5 24. Qxd5 Nd4 25. h3 Qd8 26. Bxd4
Bxd4+ 27. Kh1 Qh4 28. R1e2 a5 29. g5 Bg7 30. Qd2 a4 31. f5 Qh5 32. f6 Bxf6
33. gxf6 axb3 34. Qc3 bxa2 35. f7+ Qe5 36. Rxe5 Rb1+ 37. Kh2 a1=Q 38. Qxa1
Rxa1 39. Re8 Kg7 40. Rxf8 Kxf8 41. Bd5 1-0